书目信息 |
| 题名: |
风险控制是企业生存发展之本
|
|
| 作者: | 赵亮 著 | |
| 分册: | ||
| 出版信息: | 北京 中国社会出版社 2013 |
|
| 页数: | 277页 | |
| 开本: | 23cm | |
| 丛书名: | ||
| 单 册: | ||
| 中图分类: | F272-0 | |
| 科图分类: | ||
| 主题词: | 企业内部管理--研究 , 企业内部管理 | |
| 电子资源: | ||
| ISBN: | 978-7-5087-4261-8 | |
| 000 | 01047nam0 22002531 450 | |
| 001 | 524 | |
| 005 | 20140909091419.76 | |
| 010 | @a978-7-5087-4261-8@dCNY48.00 | |
| 100 | @a20130228d2013 em y0chiy50 ea | |
| 101 | 0 | @achi |
| 102 | @aCN@b110000 | |
| 105 | @ay z 000yy | |
| 106 | @ar | |
| 200 | 1 | @a风险控制是企业生存发展之本@AFeng Xian Kong Zhi Shi Qi Ye Sheng Cun Fa Zhan Zhi Ben@e内部控制实务@ENei Bu Kong Zhi Shi Wu@f赵亮著@FZhao Liang Zhu |
| 210 | @a北京@c中国社会出版社@d2013 | |
| 215 | @a277页@d23cm | |
| 330 | @a本书分为两个层面向读者介绍企业内部控制的管理应用。第一个层面是如何应用企业内部控制的方法论,帮助企业管理者构建一套以风险管理为导向的企业内部控制体系;第二个层面是利用企业管理信息化技术,帮助企业完成内部控制体系落地,让内控变成一个可操作、可执行的日常管理平台。 | |
| 517 | 1 | @a内部控制实务@ANei Bu Kong Zhi Shi Wu |
| 606 | 0 | @a企业内部管理@x研究 |
| 606 | 0 | @a企业内部管理 |
| 690 | @aF272-0@v5 | |
| 701 | 0 | @a赵亮@AZhao Liang@g(风险控制)@4著 |
| 801 | 0 | @aCN@bTANGWEI@c20140603 |
| 905 | @b0837504-06@dF272-0@e1003@f3 | |
| 风险控制是企业生存发展之本:内部控制实务/赵亮著.-北京:中国社会出版社,2013 |
| 277页;23cm |
| ISBN 978-7-5087-4261-8:CNY48.00 |
| 本书分为两个层面向读者介绍企业内部控制的管理应用。第一个层面是如何应用企业内部控制的方法论,帮助企业管理者构建一套以风险管理为导向的企业内部控制体系;第二个层面是利用企业管理信息化技术,帮助企业完成内部控制体系落地,让内控变成一个可操作、可执行的日常管理平台。 |
| ● |
| 相关链接 |
|
|
|
|
正题名:风险控制是企业生存发展之本
索取号:F272-0/1003
 
预约/预借
| 序号 | 登录号 | 条形码 | 馆藏地/架位号 | 状态 | 备注 |
| 1 | 0837504 | 208375042 | 第一样本阅览室/ [索取号:F272-0/1003] | 在馆 | |
| 2 | 0837505 | 208375051 | 密集书库-海洋学院/ [索取号:F272-0/1003] | 在馆 | |
| 3 | 0837506 | 208375060 | 第一借阅区/ [索取号:F272-0/1003] | 在馆 |